Southville International School and Colleges
Your cart is empty.
  • Cart
  • Lists
    Public lists Eva Luna New books Lux_list list_1
    Your lists Log in to create your own lists
  • Log in to your account
  • Your cookies
  • Search history
Southville International School and Colleges
  • Advanced search
  • Recent comments
  • Most popular
  • Libraries

Log in to your account

Log in with GOOGLE


If you do not have an external account, but do have a local account, you can still log in:

  1. Home
  2. MARC view: Using formative assessment to differentiate mathematics instruction, grades 4-10 :
Normal view MARC view ISBD view

Using formative assessment to differentiate mathematics instruction, grades 4-10 : (Record no. 288812)

[ view plain ]
MARC details
000 -LEADER
fixed length control field 02592cam a22003734a 4500
001 - CONTROL NUMBER
control field 16626789
003 - CONTROL NUMBER IDENTIFIER
control field PILC
005 - DATE AND TIME OF LATEST TRANSACTION
control field 20151005153656.0
008 - FIXED-LENGTH DATA ELEMENTS--GENERAL INFORMATION
fixed length control field 110127s2011 caua b 001 0 eng
010 ## - LIBRARY OF CONGRESS CONTROL NUMBER
LC control number 2011001911
016 7# - NATIONAL BIBLIOGRAPHIC AGENCY CONTROL NUMBER
Record control number 015781208
Source Uk
020 ## - INTERNATIONAL STANDARD BOOK NUMBER
International Standard Book Number 9781412995245 (pbk. : alk. paper)
020 ## - INTERNATIONAL STANDARD BOOK NUMBER
International Standard Book Number 1412995248 (pbk. : alk. paper)
035 ## - SYSTEM CONTROL NUMBER
System control number (OCoLC)ocn681497799
040 ## - CATALOGING SOURCE
Original cataloging agency DLC
Transcribing agency DLC
Modifying agency YDX
-- BTCTA
-- YDXCP
-- CDX
-- UPM
-- IUL
-- UKMGB
-- DLC
042 ## - AUTHENTICATION CODE
Authentication code pcc
050 00 - LIBRARY OF CONGRESS CALL NUMBER
Classification number QA 11.2
Item number .L38 2011
082 00 - DEWEY DECIMAL CLASSIFICATION NUMBER
Classification number 510.71/2
100 1# - MAIN ENTRY--PERSONAL NAME
Personal name Laud, Leslie.
245 10 - TITLE STATEMENT
Title Using formative assessment to differentiate mathematics instruction, grades 4-10 :
Remainder of title seven practices to maximize learning /
Statement of responsibility, etc Leslie Laud.
260 ## - PUBLICATION, DISTRIBUTION, ETC. (IMPRINT)
Place of publication, distribution, etc Thousand Oaks, Calif. :
Name of publisher, distributor, etc Corwin,
Date of publication, distribution, etc 2011.
300 ## - PHYSICAL DESCRIPTION
Extent xix, 145 pages :
Other physical details illustrations ;
Dimensions 28 cm.
500 ## - GENERAL NOTE
General note "A joint publication [with] National Council of Teachers of Mathematics."
500 ## - GENERAL NOTE
General note Includes bibliographical references and index.
505 0# - FORMATTED CONTENTS NOTE
Formatted contents note Machine generated contents note: 1.Getting Started and Establishing Norms -- Getting Started -- Establishing Class Norms -- 2.Formative Assessment -- What is Formative Assessment? -- Where Am I? Involving Students in Self-Assessment -- Where Am I Going? Conveying Criteria or Learning Targets -- How Will I Get There? Providing Feedback -- Impact of Assessment on Confidence and Motivation -- 3.Tiered Instruction -- What Is a Tiered Lesson? -- Differentiating by Student Characteristics -- Tiering by Instructional Characteristics -- Tiering Existing Textbook Lessons -- Creating a Differentiated Lesson -- 4.Supporting Students Who Are Low Achieving -- Differentiating Instruction in Basic Facts -- Differentiating for Conceptual Understanding -- Differentiating Procedural Support -- 5.Challenging Students Who Are High Achieving -- Exemptions Based on Prior Knowledge or Pace of Learning -- Opportunities for Higher Order Math -- Strategies to Avoid -- Importance of Challenge -- 6.Time-Saving Management Strategies -- Planning Lessons and Units -- Managing Students Working on Different Tasks -- Assigning Homework -- Grading -- Wrap Up -- Suggested Resources.
650 #0 - SUBJECT ADDED ENTRY--TOPICAL TERM
Topical term or geographic name as entry element Mathematics
General subdivision Study and teaching (Middle school)
650 #0 - SUBJECT ADDED ENTRY--TOPICAL TERM
Topical term or geographic name as entry element Mathematics
General subdivision Study and teaching (Secondary)
650 #0 - SUBJECT ADDED ENTRY--TOPICAL TERM
Topical term or geographic name as entry element Curriculum planning.
650 #0 - SUBJECT ADDED ENTRY--TOPICAL TERM
Topical term or geographic name as entry element Curriculum evaluation.
710 2# - ADDED ENTRY--CORPORATE NAME
Corporate name or jurisdiction name as entry element National Council of Teachers of Mathematics.
906 ## - LOCAL DATA ELEMENT F, LDF (RLIN)
a 7
b cbc
c orignew
d 1
e ecip
f 20
g y-gencatlg
942 ## - ADDED ENTRY ELEMENTS (KOHA)
Source of classification or shelving scheme Library of Congress Classification
Koha item type Books
Call number prefix Foreign
Holdings
Withdrawn status Lost status Source of classification or shelving scheme Damaged status Home library Current library Shelving location Date acquired Source of acquisition Total Checkouts Full call number Barcode Date last seen Price effective from Koha item type
    Library of Congress Classification   Archives Archives   10/05/2015 Donation   QA 11.2 .L38 2011 C20116 10/19/2015 10/05/2015 Books

Using formative assessment to differentiate mathematics instruction, grades 4-10 :

APA

Laud L., National Council of Teachers of Mathematics, . (2011). Using formative assessment to differentiate mathematics instruction, grades 4-10. Thousand Oaks, Calif: Corwin.

Chicago

Laud Leslie, National Council of Teachers of Mathematics, . 2011. Using formative assessment to differentiate mathematics instruction, grades 4-10. Thousand Oaks, Calif: Corwin.

Harvard

Laud L., National Council of Teachers of Mathematics, . (2011). Using formative assessment to differentiate mathematics instruction, grades 4-10. Thousand Oaks, Calif: Corwin.

MLA

Laud Leslie, National Council of Teachers of Mathematics, . Using formative assessment to differentiate mathematics instruction, grades 4-10. Thousand Oaks, Calif: Corwin. 2011.

  • Place hold
  • Print
  • Cite
  • Add to your cart (remove)
  • Save record
    BIBTEX Dublin Core MARCXML MARC (non-Unicode/MARC-8) MARC (Unicode/UTF-8) MARC (Unicode/UTF-8, Standard) MODS (XML) RIS
  • More searches
    Search for this title in:
    Other Libraries (WorldCat) Other Databases (Google Scholar) Online Stores (Bookfinder.com) Open Library (openlibrary.org)

Exporting to Dublin Core...

SOUTHVILLE LIBRARY

Southville International School and Colleges Library

1281 Tropical Ave. Cor. Luxembourg St., BF Homes International, Las Pinas City

Tel. No. 8256374 / 252358 Loc. 117/146

Powered by Koha